How to patent without a lawyer (Record no. 31287)
[ view plain ]
| 000 -LEADER | |
|---|---|
| fixed length control field | 00278nam a2200109Ia 4500 |
| 082 ## - DEWEY DECIMAL CLASSIFICATION NUMBER | |
| Classification number | 347.77 |
| Item number | THU |
| 100 ## - MAIN ENTRY--AUTHOR NAME | |
| Personal name | THUMANN, Albert P E |
| 245 #0 - TITLE STATEMENT | |
| Title | How to patent without a lawyer |
| 260 ## - PUBLICATION, DISTRIBUTION, ETC. (IMPRINT) | |
| Place of publication | Atlanta |
| Name of publisher | Fairmont |
| Year of publication | 1978 |
| 942 ## - ADDED ENTRY ELEMENTS (KOHA) | |
| Koha item type | Books |
| Withdrawn status | Lost status | Damaged status | Not for loan | Home library | Current library | Date acquired | Full call number | Accession Number | Koha item type |
|---|---|---|---|---|---|---|---|---|---|
| RRII Library | RRII Library | 16/12/2021 | 347.77 THU | 11836 | Books |